[Event "Brno Veletrh"]
[Site "?"]
[Date "2024.09.05"]
[Round "6"]
[White "Kladnak, Martin"]
[Black "Kubatova, Beta"]
[Result "1-0"]
[WhiteElo "2054"]
[BlackElo "1775"]
[PlyCount "149"]
[EventDate "2024.09.??"]

1. e4 c6 2. Nf3 d5 3. Nc3 Bg4 4. h3 Bxf3 5. Qxf3 e6 6. d3 Bd6 7. Be2 Nf6 8. Bd2
Nbd7 9. g4 Nb6 10. g5 Nfd7 11. Qe3 Qc7 12. f4 O-O-O 13. e5 Be7 14. O-O-O Nc5
15. d4 Nca4 16. Nxa4 Nxa4 17. Qb3 Nb6 18. Bb4 Kb8 19. Bc5 Bxc5 20. dxc5 Nd7 21.
Qb4 b6 22. cxb6 Qxb6 23. Qa3 Ka8 24. Rhf1 Qc5 25. Qxc5 Nxc5 26. f5 Nd7 27. Rde1
Rde8 28. fxe6 fxe6 29. Rf7 Nxe5 30. Rxg7 Reg8 31. Re7 Re8 32. Rg7 Reg8 33.
Rxg8+ Rxg8 34. h4 Ng6 35. Bd3 Nxh4 36. Rxe6 Rxg5 37. Rxc6 Nf3 38. b3 Ne5 39.
Rh6 Nxd3+ 40. cxd3 Rg1+ 41. Kc2 Rg2+ 42. Kc3 Rxa2 43. Rxh7 Ra6 44. Rh5 Rc6+ 45.
Kb4 Rb6+ 46. Kc5 Rxb3 47. Rxd5 Rc3+ 48. Kd6 Kb7 49. d4 Rc6+ 50. Ke5 Kc7 51. Ra5
a6 52. d5 Rd6 53. Ra2 Rd8 54. Rxa6 Re8+ 55. Re6 Rd8 56. Re7+ Kc8 57. Ra7 Rd7
58. Ra8+ Kb7 59. Ra4 Kc7 60. Rc4+ Kd8 61. Rf4 Ke7 62. Ra4 Kd8 63. d6 Kc8 64.
Ke6 Rh7 65. Rc4+ Kd8 66. Ra4 Kc8 67. Ra8+ Kb7 68. Re8 Kc6 69. Rc8+ Kb7 70. d7
Rh6+ 71. Ke5 Rh5+ 72. Kf6 Rh6+ 73. Kg7 Rc6 74. Rxc6 Kxc6 75. d8=Q 1-0

[Event "Brno Veletrh"]
[Site "?"]
[Date "2024.09.05"]
[Round "6"]
[White "Svobodova, Michaela"]
[Black "Krystl, Jaromir"]
[Result "1-0"]
[WhiteElo "1928"]
[BlackElo "1799"]
[PlyCount "97"]
[EventDate "2024.09.??"]

1. e4 e5 2. Nf3 d6 3. d4 Nd7 4. Bc4 c6 5. Nc3 Be7 6. a4 Ngf6 7. O-O O-O 8. Qe2
a5 9. Rd1 Qc7 10. Ba2 b6 11. d5 Ba6 12. Bc4 Nc5 13. dxc6 Bxc4 14. Qxc4 Qxc6 15.
Bg5 Rfc8 16. Bxf6 Bxf6 17. Nd5 Bd8 18. Nd2 Ne6 19. Qxc6 Rxc6 20. c3 Nc5 21. f3
Ra7 22. Nf1 f6 23. Nfe3 Kf7 24. Kf2 Ke6 25. Ke2 Rb7 26. b4 axb4 27. Nxb4 Rc8
28. Nf5 Rd7 29. Ra3 Nb7 30. Nd5 Na5 31. Nfe3 g6 32. Rb1 Rb7 33. g4 Rc6 34. Kd3
h5 35. gxh5 gxh5 36. Rg1 Rh7 37. Rg8 Kd7 38. Ra1 Nb3 39. Rag1 Nc5+ 40. Kd2 Rf7
41. Nf5 Ne6 42. h4 Rc4 43. Rxd8+ Kxd8 44. Nxd6 Rcc7 45. Nxf7+ Rxf7 46. Nxb6 Nf4
47. a5 Re7 48. c4 Ne6 49. Rg8+ 1-0

[Event "Brno Veletrh"]
[Site "?"]
[Date "2024.09.05"]
[Round "6"]
[White "Luc, Martin"]
[Black "Pribyl, Rene"]
[Result "1-0"]
[WhiteElo "1822"]
[BlackElo "1944"]
[PlyCount "39"]
[EventDate "2024.09.??"]

1. e4 e5 2. Bc4 Nf6 3. d4 exd4 4. Nf3 Nxe4 5. Qxd4 Nf6 6. Nc3 c6 7. Bg5 Be7 8.
O-O-O d5 9. Rhe1 Be6 10. Qh4 Nbd7 11. Bd3 Qb6 12. Nd4 Nc5 13. Bf5 Bxf5 14. Bxf6
gxf6 15. Qxf6 O-O-O 16. Qxf5+ Ne6 17. Nxe6 fxe6 18. Rxe6 Rhf8 19. Qg4 Rg8 20.
Rg6+ 1-0

[Event "Brno Veletrh"]
[Site "?"]
[Date "2024.09.05"]
[Round "6"]
[White "Rehurek, Karel"]
[Black "Pokorny, Petr"]
[Result "0-1"]
[WhiteElo "1851"]
[BlackElo "2140"]
[PlyCount "56"]
[EventDate "2024.09.??"]

1. e4 g6 2. d4 Bg7 3. Nf3 d6 4. c4 Nf6 5. Nc3 O-O 6. Bd3 Bg4 7. h3 Bxf3 8. Qxf3
Nc6 9. Ne2 Nd7 10. Qe3 e5 11. d5 Nd4 12. Bd2 c5 13. O-O f5 14. exf5 gxf5 15.
Qg5 e4 16. Qxd8 Raxd8 17. Nxd4 cxd4 18. Bc2 d3 19. Bd1 Nb6 20. Ba5 Bxb2 21.
Bxb6 axb6 22. Rb1 Bd4 23. Re1 Rde8 24. Ba4 Re7 25. Rbd1 Bc3 26. Rf1 f4 27. Rc1
Bd4 28. Rcd1 Bc5 0-1

[Event "Brno Veletrh"]
[Site "?"]
[Date "2024.09.05"]
[Round "6"]
[White "Kuchar, Matej"]
[Black "Grausgruber, Jiri"]
[Result "1-0"]
[WhiteElo "2048"]
[BlackElo "1465"]
[PlyCount "79"]
[EventDate "2024.09.??"]

1. e4 c5 2. Nf3 e6 3. d4 cxd4 4. Nxd4 a6 5. Nc3 Qc7 6. Bd3 Nf6 7. O-O Bc5 8.
Nb3 Be7 9. f4 d6 10. a4 b6 11. Qe2 Nbd7 12. Bd2 Bb7 13. Rae1 e5 14. Kh1 O-O 15.
Qf3 Nc5 16. Nxc5 Qxc5 17. Be3 Qc7 18. fxe5 dxe5 19. Ne2 Bc8 20. h3 Bc5 21. Bg5
Ne8 22. Nc3 Be6 23. Nd5 Bxd5 24. exd5 f6 25. Bd2 Qe7 26. b4 Bd6 27. c4 g6 28.
a5 Ng7 29. axb6 Bxb4 30. Bxb4 Qxb4 31. Rb1 Qc5 32. Qf2 Qa3 33. Rfd1 Rac8 34. b7
Rb8 35. c5 Rf7 36. Bc4 Qa4 37. Bb3 Qe8 38. d6 Ne6 39. Bxe6 Qxe6 40. c6 1-0

[Event "Brno Veletrh"]
[Site "?"]
[Date "2024.09.05"]
[Round "6"]
[White "Prihoda, Josef"]
[Black "Novotny, David"]
[Result "0-1"]
[WhiteElo "1624"]
[BlackElo "1967"]
[PlyCount "52"]
[EventDate "2024.09.??"]

1. Nf3 c5 2. c4 Nc6 3. Nc3 g6 4. b3 Bg7 5. Bb2 e6 6. e3 Nge7 7. d4 cxd4 8. exd4
d5 9. cxd5 exd5 10. h3 Nf5 11. Bb5 O-O 12. Bxc6 bxc6 13. O-O Re8 14. Qd2 Nh4
15. Nxh4 Qxh4 16. Rad1 Ba6 17. Rfe1 Rxe1+ 18. Qxe1 Bxd4 19. Rxd4 Qxd4 20. Na4
Qe4 21. Qc3 d4 22. Qa5 Bb5 23. f3 Qe3+ 24. Kh2 Qe5+ 25. Kg1 Re8 26. Qxa7 Qg3
0-1

[Event "Brno Veletrh"]
[Site "?"]
[Date "2024.09.05"]
[Round "6"]
[White "Wunsch, Radek"]
[Black "Sknouril, Jakub"]
[Result "1-0"]
[WhiteElo "1956"]
[BlackElo "1771"]
[PlyCount "61"]
[GameId "2086356153114728"]
[EventDate "2024.09.??"]

1. e4 e5 2. Nf3 Nf6 3. d4 d5 4. exd5 exd4 5. Bc4 Nxd5 6. Qxd4 Be6 7. O-O Nc6 8. Qe4 Qd7 9. Ng5 Nf6 10. Bxe6 fxe6 11. Qxe6+ Qxe6 12. Nxe6 Rc8 13. Nc3 Nb4 14. Bf4 Nxc2 15. Rac1 Nb4 16. Nxc7+ Kf7 17. Rfd1 Nh5 18. Rd7+ Kg6 19. Ne6 Kf5 20. Nxf8 Rhxf8 21. Be3 Rfd8 22. Rxb7 Nxa2 23. g4+ Kxg4 24. Nxa2 Kf3 25. Rf7+ Nf6 26. Nc3 a5 27. Rxg7 Rg8 28. Rg3+ Rxg3+ 29. hxg3 h5 30. Ra1 Ng4 31. Ra4 1-0

[Event "Brno Veletrh"]
[Site "?"]
[Date "2024.09.05"]
[Round "6"]
[White "Krasovskyi, Stanislav"]
[Black "Lisik, Miroslav"]
[Result "0-1"]
[WhiteElo "1544"]
[BlackElo "1855"]
[PlyCount "62"]
[EventDate "2024.09.??"]

1. e4 c5 2. c4 Nc6 3. Nf3 g6 4. Nc3 Bg7 5. Be2 d6 6. O-O Bg4 7. h3 Bxf3 8. Bxf3
e5 9. d3 Nge7 10. Be3 O-O 11. Qd2 Re8 12. Bh6 Bh8 13. Bg5 f6 14. Be3 a6 15. Bg4
f5 16. exf5 Nxf5 17. Bg5 Bf6 18. Bxf6 Qxf6 19. Nd5 Qg7 20. Qg5 Rf8 21. f4 h6
22. fxe5 hxg5 23. Nf6+ Rxf6 24. exf6 Qxf6 25. Bf3 Qd4+ 26. Kh2 Re8 27. g4 Qf4+
28. Kg1 Qg3+ 29. Kh1 Qxh3+ 30. Kg1 Qg3+ 31. Kh1 Kg7 0-1

[Event "Brno Veletrh"]
[Site "?"]
[Date "2024.09.05"]
[Round "6"]
[White "Svagr, Daniel"]
[Black "Slegl, Milan"]
[Result "1-0"]
[WhiteElo "1752"]
[BlackElo "1699"]
[PlyCount "77"]
[EventDate "2024.09.??"]

1. d4 Nf6 2. c4 e6 3. g3 c5 4. Bg2 cxd4 5. Nf3 Nc6 6. Nxd4 Bc5 7. Nf3 Ne4 8.
O-O Qb6 9. e3 O-O 10. Qd3 Nf6 11. a3 Qc7 12. Nc3 Rd8 13. b4 Be7 14. Nb5 Qb8 15.
e4 a6 16. Nbd4 Ne5 17. Nxe5 Qxe5 18. Bf4 Qh5 19. h3 Qg6 20. Bc7 Rf8 21. Qe3 Ne8
22. Bf4 d6 23. e5 dxe5 24. Bxe5 f6 25. Bf4 Qf7 26. Rfe1 g5 27. Nxe6 gxf4 28.
Nxf4 Ng7 29. Bd5 Nf5 30. Bxf7+ Kxf7 31. Qe4 Rg8 32. g4 Rg7 33. Kf1 Bd7 34. gxf5
Bc6 35. Qxe7+ Kg8 36. Qe6+ Rf7 37. Nd5 Re8 38. Nxf6+ Kg7 39. Nxe8+ 1-0

[Event "Brno Veletrh"]
[Site "?"]
[Date "2024.09.05"]
[Round "6"]
[White "Vacekova, Anita"]
[Black "Horak, Hanus"]
[Result "1-0"]
[WhiteElo "1747"]
[BlackElo "1624"]
[PlyCount "43"]
[EventDate "2024.09.??"]

1. e4 d6 2. d4 Nf6 3. Nc3 g6 4. Bg5 Bg7 5. Qd2 h6 6. Bh4 g5 7. Bg3 Nh5 8. O-O-O
Nxg3 9. hxg3 Nc6 10. Nf3 Bg4 11. Ne2 Bxf3 12. gxf3 Qd7 13. Bh3 e6 14. f4 gxf4
15. gxf4 d5 16. Rdg1 Rg8 17. f5 O-O-O 18. fxe6 fxe6 19. exd5 Qxd5 20. Nf4 Qxd4
21. Bxe6+ Kb8 22. Qxd4 1-0

[Event "Brno Veletrh"]
[Site "?"]
[Date "2024.09.05"]
[Round "6"]
[White "Pesa, Marek"]
[Black "Klinkovsky, Vojtech"]
[Result "1/2-1/2"]
[WhiteElo "1738"]
[BlackElo "1699"]
[PlyCount "40"]
[EventDate "2024.09.??"]

1. e4 d5 2. exd5 Nf6 3. Nc3 Nxd5 4. Bc4 Nxc3 5. bxc3 e6 6. d4 Be7 7. Qg4 O-O 8.
Ne2 c5 9. O-O Nc6 10. Qe4 Re8 11. Ba3 Qa5 12. Bxc5 Bxc5 13. dxc5 Qxc5 14. Rab1
b6 15. Rfd1 Bb7 16. Rd7 Re7 17. Rbd1 Rxd7 18. Rxd7 Rd8 19. Bxe6 Rxd7 20. Bxd7
g6 1/2-1/2

[Event "Brno Veletrh"]
[Site "?"]
[Date "2024.09.05"]
[Round "6"]
[White "Kotisa, Jan"]
[Black "Kanovsky, Vladimir1688"]
[Result "1-0"]
[WhiteElo "1688"]
[BlackElo "1578"]
[PlyCount "39"]
[EventDate "2024.09.??"]

1. e4 e5 2. Nf3 d6 3. d4 exd4 4. Nxd4 Nf6 5. Nc3 Nc6 6. Bb5 Bd7 7. O-O Be7 8.
Nxc6 Bxc6 9. Bxc6+ bxc6 10. Qf3 Nd7 11. Qg3 g6 12. Bh6 Bf8 13. Bxf8 Kxf8 14. f4
Kg7 15. f5 f6 16. Ne2 Qe8 17. Nf4 Nf8 18. Nh5+ Kh6 19. Nxf6 Qe5 20. Ng4+ 1-0

[Event "Brno Veletrh"]
[Site "?"]
[Date "2024.09.05"]
[Round "6"]
[White "Carbonai, Gabriele"]
[Black "Mikolas, Jakub"]
[Result "0-1"]
[WhiteElo "1543"]
[BlackElo "1766"]
[PlyCount "68"]
[EventDate "2024.09.??"]

1. e4 c5 2. Nf3 Nc6 3. Nc3 g6 4. d4 cxd4 5. Nxd4 Bg7 6. Be3 Nf6 7. Nxc6 bxc6 8.
e5 Ng8 9. Bd4 Nh6 10. e6 Bxd4 11. Qxd4 O-O 12. exd7 Nf5 13. dxc8=Q Qxd4 14.
Qxc6 Rac8 15. Qe4 Qb6 16. Nd1 Rc6 17. Be2 Re6 18. Qd3 Rd8 19. Qc3 Rdd6 20. h4
Rc6 21. Qb3 Rxe2+ 22. Kf1 Rce6 23. Ne3 Ng3+ 24. fxg3 R6xe3 25. Qxb6 axb6 26.
Rc1 Rd2 27. g4 Ree2 28. Rh3 Rxg2 29. Ke1 Rd4 30. g5 Rg1+ 31. Ke2 Rxc1 32. c3
Rc2+ 33. Ke3 Rdd2 34. b4 Rxc3+ 0-1

[Event "Brno Veletrh"]
[Site "?"]
[Date "2024.09.05"]
[Round "6"]
[White "Bata, Jiri"]
[Black "Berdnikov, Tsyren"]
[Result "1-0"]
[WhiteElo "1658"]
[BlackElo "1422"]
[PlyCount "81"]
[EventDate "2024.09.??"]

1. e4 e5 2. Bc4 Nf6 3. d3 d5 4. exd5 Nxd5 5. Ne2 Bc5 6. O-O O-O 7. Nbc3 Nb6 8.
Bb3 Qf6 9. Ne4 Qe7 10. Bg5 Qd7 11. Nxc5 Qg4 12. Be3 h5 13. h3 Qg6 14. Kh1 N8d7
15. f4 Nxc5 16. Bxc5 Qc6 17. Bxf8 Bxh3 18. Rf2 Rxf8 19. fxe5 h4 20. Nf4 Bd7 21.
Qf3 Qxf3 22. gxf3 g5 23. Rg1 Re8 24. Rxg5+ Kf8 25. Rfg2 Ke7 26. Rg7 Kd8 27. Rg8
h3 28. Rxe8+ Kxe8 29. Rg3 Ke7 30. Nxh3 a5 31. Ng5 Be8 32. a3 a4 33. Ba2 c6 34.
Rh3 Nd5 35. Bxd5 cxd5 36. d4 Bd7 37. Rh6 Be6 38. Nxe6 fxe6 39. Rh7+ Kf8 40.
Rxb7 Ke8 41. Ra7 1-0

[Event "Brno Veletrh"]
[Site "?"]
[Date "2024.09.05"]
[Round "6"]
[White "Pecenka, Petr"]
[Black "Levchenko, Alisa"]
[Result "0-1"]
[WhiteElo "1495"]
[BlackElo "1638"]
[PlyCount "60"]
[EventDate "2024.09.??"]

1. d4 c6 2. c4 d5 3. Nf3 Nf6 4. g3 Bf5 5. Nbd2 Nbd7 6. Bg2 e6 7. O-O Be7 8. Nh4
Bg6 9. Nxg6 hxg6 10. f3 Qb6 11. c5 Nxc5 12. dxc5 Bxc5+ 13. Kh1 Bd6 14. f4 Ng4
15. h3 Ne3 16. Qb3 Nxf1 17. Nxf1 Bc5 18. Be3 Bxe3 19. Nxe3 O-O-O 20. Qxb6 axb6
21. a4 Kc7 22. b4 Ra8 23. Ng4 f6 24. Kh2 Ra7 25. b5 Rha8 26. bxc6 bxc6 27. Ne3
Rxa4 28. Rc1 Ra1 29. Rc2 R1a2 30. Rc1 Rxe2 0-1

[Event "Brno Veletrh"]
[Site "?"]
[Date "2024.09.05"]
[Round "6"]
[White "Klimus, Radek"]
[Black "Peska, Radek"]
[Result "1-0"]
[WhiteElo "1472"]
[BlackElo "1415"]
[PlyCount "67"]
[EventDate "2024.09.??"]

1. e4 d5 2. exd5 Nf6 3. Nc3 Nxd5 4. Nxd5 Qxd5 5. d4 Nc6 6. Nf3 Bg4 7. Be2 O-O-O
8. c3 e6 9. Bf4 Qe4 10. Bg3 Bd6 11. O-O Bxg3 12. fxg3 h6 13. Kh1 Qd5 14. b4
Rhe8 15. b5 Ne7 16. c4 Qh5 17. h3 Nf5 18. Kg1 Bxf3 19. Bxf3 Qg5 20. Qa4 Qe3+
21. Kh2 Qxd4 22. b6 cxb6 23. Qxa7 Nd6 24. Rfd1 Qe5 25. Rab1 Re7 26. Rxb6 Kd7
27. Rxb7+ Ke8 28. Rxe7+ Kf8 29. Rd7 Rxd7 30. Qxd7 Ne8 31. Qd2 Qc7 32. Qd8 Qxc4
33. Qa8 f5 34. Rd8 1-0

[Event "Brno Veletrh"]
[Site "?"]
[Date "2024.09.05"]
[Round "6"]
[White "Hradek, Martin"]
[Black "Kavanova, Anezka"]
[Result "1-0"]
[WhiteElo "1428"]
[BlackElo "1726"]
[PlyCount "51"]
[EventDate "2024.09.??"]

1. Nc3 c5 2. Nf3 d5 3. d4 e6 4. e4 Nc6 5. exd5 exd5 6. Bb5 a6 7. Bxc6+ bxc6 8.
Ne5 Qc7 9. Bf4 Bd6 10. Qe2 Qe7 11. dxc5 Bxe5 12. Bxe5 f6 13. Bd6 Qxe2+ 14. Nxe2
Bg4 15. f3 Bh5 16. O-O-O Kd7 17. Rhe1 Nh6 18. Nf4 Bf7 19. Re7+ Kd8 20. Rde1 Rc8
21. Rb7 Rg8 22. Be7+ Ke8 23. Bxf6+ Kf8 24. Be7+ Ke8 25. Bd6+ Kd8 26. Ree7 1-0

[Event "Brno Veletrh"]
[Site "?"]
[Date "2024.09.06"]
[Round "7"]
[White "Vyskocil, Neklan"]
[Black "Kladnak, Martin"]
[Result "1-0"]
[WhiteElo "2289"]
[BlackElo "2054"]
[PlyCount "105"]
[GameId "2087274055090292"]
[EventDate "2024.09.??"]

1. d4 Nf6 2. Nf3 g6 3. Bf4 Bg7 4. e3 d5 5. Be2 c5 6. Nc3 O-O 7. Ne5 cxd4 8. exd4 Nc6 9. O-O Qb6 10. Nxc6 Qxc6 11. Be5 a6 12. a4 Bf5 13. a5 Rac8 14. Ra3 Rfd8 15. Re1 Qd7 16. f3 Ne8 17. Bxg7 Nxg7 18. g4 Be6 19. Na4 Qc7 20. Nc5 Bd7 21. Rb3 Bc6 22. Qd2 Rd6 23. Bf1 Re8 24. Rbe3 e6 25. b4 Rdd8 26. Re5 Re7 27. Qh6 f6 28. Nxe6 Nxe6 29. Rxe6 Rde8 30. Rxe7 Rxe7 31. Rxe7 Qxe7 32. Qd2 Kg7 33. c3 Bd7 34. Qe2 Qxe2 35. Bxe2 Bb5 36. Kf2 Kf7 37. Ke3 g5 38. Bd3 h6 39. c4 dxc4 40. Be4 Bc6 41. Kd2 Ke7 42. Kc3 Bb5 43. Bxb7 Kd6 44. Be4 Ke6 45. Bh7 Bc6 46. d5+ Bxd5 47. Bg8+ Kd6 48. Bxd5 Kxd5 49. h3 Kd6 50. Kxc4 Kc6 51. b5+ axb5+ 52. Kb4 Kb7 53. Kxb5 1-0

[Event "Brno Veletrh"]
[Site "?"]
[Date "2024.09.06"]
[Round "7"]
[White "Hajek, Oskar"]
[Black "Setina, Vaclav"]
[Result "0-1"]
[WhiteElo "2281"]
[BlackElo "2021"]
[PlyCount "170"]
[EventDate "2024.09.??"]

1. e4 c5 2. b3 b6 3. Bb2 Bb7 4. Nc3 d6 5. Nf3 Nd7 6. d4 Ngf6 7. Bc4 e6 8. O-O
Be7 9. e5 dxe5 10. dxe5 Ng4 11. Re1 O-O 12. Ne4 Qc7 13. Qd2 Rfd8 14. Qf4 Nh6
15. Rad1 Nf8 16. Nd6 Ng6 17. Qg3 Bxf3 18. Qxf3 Nh4 19. Qe4 N4f5 20. Nxf5 Nxf5
21. Bd3 g6 22. Qf4 Nd4 23. c3 Nc6 24. h4 Rd7 25. Be4 Rxd1 26. Rxd1 Rd8 27. Re1
Qxe5 28. Qc1 Qd6 29. h5 Bf6 30. Qe3 Qd2 31. Qxd2 Rxd2 32. Bc1 Rd6 33. c4 Bc3
34. Rf1 f5 35. Bf3 Nd4 36. Bd1 e5 37. hxg6 hxg6 38. g3 Kf7 39. Kg2 Kf6 40. Rh1
Ne6 41. Be2 Kg7 42. Bh6+ Kg8 43. Bf3 e4 44. Be2 Rd8 45. Bc1 Kg7 46. Bh6+ Kf7
47. Bc1 Rh8 48. Rf1 Bf6 49. Bd1 Nd4 50. Re1 g5 51. g4 Kg6 52. gxf5+ Kxf5 53.
Rh1 Rxh1 54. Kxh1 g4 55. Kg2 Bg5 56. Bb2 Bd2 57. Ba1 Kf4 58. Bb2 Kg5 59. Ba1
Kf5 60. Bb2 e3 61. fxe3 Bxe3 62. Bc3 Bf4 63. Be1 g3 64. b4 Ke4 65. bxc5 bxc5
66. Bh5 Kd3 67. Bf7 Kc2 68. a4 Kb3 69. a5 Nc2 70. Bxg3 Bxg3 71. Kxg3 Kb4 72.
Kf4 Kxa5 73. Ke4 Kb4 74. Kd3 Kb3 75. Kd2 Nb4 76. Be6 a5 77. Kc1 a4 78. Kb1 a3
79. Bf5 Kxc4 80. Ka1 Kc3 81. Be6 c4 82. Kb1 Kb3 83. Bf5 a2+ 84. Ka1 Nc2+ 85.
Bxc2+ Kxc2 0-1

[Event "Brno Veletrh"]
[Site "?"]
[Date "2024.09.06"]
[Round "7"]
[White "Pavlik, Vladimir"]
[Black "Svobodova, Michaela"]
[Result "0-1"]
[WhiteElo "1975"]
[BlackElo "1928"]
[PlyCount "146"]
[EventDate "2024.09.??"]

1. c4 e5 2. g3 c6 3. d4 exd4 4. Qxd4 Nf6 5. Nc3 Bb4 6. Bg5 Be7 7. Rd1 h6 8. Bf4
Na6 9. Bg2 Nc5 10. Bd6 Bxd6 11. Qxd6 Qe7 12. Qxe7+ Kxe7 13. e3 a5 14. Nge2 d6
15. Nd4 Bd7 16. O-O h5 17. h3 Rhe8 18. Rfe1 g6 19. b3 Kd8 20. e4 Kc7 21. Re3
Re7 22. Rde1 Rae8 23. Nc2 Bc8 24. f3 Nfd7 25. Bf1 Ne5 26. f4 Ned7 27. Kf2 Nf6
28. Kf3 Nfd7 29. Na1 Nf6 30. a3 Bd7 31. b4 axb4 32. axb4 Ne6 33. Nc2 Ra8 34. h4
Ng7 35. e5 dxe5 36. Rxe5 Rxe5 37. Rxe5 Nf5 38. Bd3 Ng4 39. Re2 Ngh6 40. Kg2 Be6
41. c5 Rd8 42. Bxf5 Nxf5 43. Kf2 Rd3 44. Ne4 Bd5 45. Nf6 Rxg3 46. Rd2 Rg2+ 47.
Ke1 Rxd2 48. Kxd2 Nxh4 49. Ne3 Be6 50. Ne8+ Kd7 51. Nd6 b6 52. Ke2 bxc5 53.
bxc5 f6 54. Kf2 Bd5 55. Kg3 g5 56. f5 Ba2 57. Nc2 Bb1 58. Nd4 Bd3 59. Kf2 Bb1
60. Kg3 Ba2 61. Ne4 Nxf5+ 62. Nxf5 Ke6 63. Nfd6 h4+ 64. Kg4 Bd5 65. Nc3 Ke5 66.
Ne2 Be6+ 67. Kf3 g4+ 68. Ke3 f5 69. Kf2 f4 70. Ne8 g3+ 71. Kg1 f3 72. Nc1 f2+
73. Kg2 h3+ 0-1

[Event "Brno Veletrh"]
[Site "?"]
[Date "2024.09.06"]
[Round "7"]
[White "Marsa, Alexandr"]
[Black "Luc, Martin"]
[Result "1/2-1/2"]
[WhiteElo "1971"]
[BlackElo "1822"]
[PlyCount "34"]
[EventDate "2024.09.??"]

1. d4 Nf6 2. c4 c5 3. d5 b5 4. cxb5 a6 5. e3 g6 6. Nc3 Bg7 7. a4 d6 8. Qb3 Nbd7
9. Nf3 O-O 10. h3 Ne8 11. Ra3 axb5 12. Bxb5 Rb8 13. Qa2 Nc7 14. O-O Ba6 15. Re1
Nxb5 16. axb5 Bxb5 17. Ra5 Bxc3 {(R)} 1/2-1/2

[Event "Brno Veletrh"]
[Site "?"]
[Date "2024.09.06"]
[Round "7"]
[White "Neduchal, Jiri"]
[Black "Kuchar, Matej"]
[Result "0-1"]
[WhiteElo "1866"]
[BlackElo "2048"]
[PlyCount "102"]
[EventDate "2024.09.??"]

1. Nf3 c5 2. c4 g6 3. g3 Bg7 4. Bg2 Nc6 5. Nc3 e6 6. e4 Nge7 7. O-O O-O 8. d3
Rb8 9. Rb1 a6 10. a4 Nd4 11. Nxd4 cxd4 12. Ne2 b5 13. axb5 axb5 14. b4 d6 15.
Bd2 Ba6 16. cxb5 Bxb5 17. Qb3 Qd7 18. Ra1 Rfc8 19. Rfc1 Rxc1+ 20. Nxc1 Qc7 21.
Bf3 Rc8 22. Bd1 d5 23. f3 dxe4 24. fxe4 Nc6 25. Ra2 Qb6 26. Qa3 Bf8 27. Rc2 Rb8
28. Be2 Qd8 29. Na2 Ra8 30. Qc1 Ra6 31. Qe1 Qa8 32. Nc1 Ra1 33. Kg2 Rb1 34. Qf2
Bxb4 35. Bxb4 Rxb4 36. h4 Qd8 37. h5 e5 38. hxg6 hxg6 39. Qe1 Qb6 40. Qh1 Ba6
41. Ra2 Rb1 42. Kf3 Nb4 43. Rd2 Qf6+ 44. Kg2 Qc6 45. Rd1 Nc2 46. Rg1 Ne3+ 47.
Kf2 Bc8 48. Na2 Rb2 49. Nc1 Rc2 50. Nb3 Qf6+ 51. Ke1 Bg4 0-1

[Event "Brno Veletrh"]
[Site "?"]
[Date "2024.09.06"]
[Round "7"]
[White "Novotny, David"]
[Black "Lisik, Miroslav"]
[Result "1-0"]
[WhiteElo "1967"]
[BlackElo "1855"]
[PlyCount "53"]
[EventDate "2024.09.??"]

1. c4 g6 2. g3 Bg7 3. Bg2 c5 4. Nc3 Nc6 5. Nf3 d6 6. O-O a6 7. e3 Nf6 8. d4
cxd4 9. exd4 d5 10. cxd5 Nxd5 11. Nxd5 Qxd5 12. Ne5 Qd6 13. Qa4 Bd7 14. Nxd7
Qxd7 15. Be3 O-O 16. Rac1 Rac8 17. d5 Ne5 18. Qxd7 Nxd7 19. d6 exd6 20. Bxb7
Rxc1 21. Rxc1 Bxb2 22. Rb1 Ba3 23. Bxa6 Rb8 24. Rxb8+ Nxb8 25. Bb5 Bc5 26. Bxc5
dxc5 27. a4 1-0

[Event "Brno Veletrh"]
[Site "?"]
[Date "2024.09.06"]
[Round "7"]
[White "Krystl, Jaromir"]
[Black "Svagr, Daniel"]
[Result "1-0"]
[WhiteElo "1799"]
[BlackElo "1752"]
[PlyCount "31"]
[EventDate "2024.09.??"]

1. e4 c5 2. Nf3 Nc6 3. d4 cxd4 4. Nxd4 Nf6 5. Nc3 e5 6. Ndb5 d6 7. Bg5 a6 8.
Na3 b5 9. Nd5 Be7 10. Bxf6 Bxf6 11. c3 O-O 12. Nc2 Bg5 13. h4 Bh6 14. Nce3 Bxe3
15. Nxe3 f5 16. Qd5+ 1-0

[Event "Brno Veletrh"]
[Site "?"]
[Date "2024.09.06"]
[Round "7"]
[White "Kubatova, Beta"]
[Black "Vacekova, Anita"]
[Result "1/2-1/2"]
[WhiteElo "1775"]
[BlackElo "1747"]
[PlyCount "74"]
[EventDate "2024.09.??"]

1. d4 Nf6 2. c4 g6 3. Nc3 d5 4. Bg5 Ne4 5. Nxe4 dxe4 6. e3 Bg7 7. Ne2 c5 8. Qd2
Nc6 9. d5 Nb4 10. Nc3 O-O 11. a3 Nd3+ 12. Bxd3 exd3 13. Qxd3 Qb6 14. O-O Qxb2
15. Na4 Qe5 16. Bf4 Qf5 17. Qxf5 Bxf5 18. Rac1 b6 19. Rfd1 Rfd8 20. Nc3 e5 21.
Bg3 f6 22. e4 Bc8 23. Nb5 Kf7 24. Rb1 Rd7 25. h3 a6 26. Nc3 Rb7 27. a4 f5 28.
f3 Rab8 29. Rb2 f4 30. Bf2 Ke7 31. Rdb1 Kd6 32. Kf1 Bf6 33. Ke2 g5 34. Rh1 h5
35. g4 h4 36. Rhb1 Kc7 37. Kd3 Be7 1/2-1/2

[Event "Brno Veletrh"]
[Site "?"]
[Date "2024.09.06"]
[Round "7"]
[White "Sknouril, Jakub"]
[Black "Kotisa, Jan"]
[Result "1/2-1/2"]
[WhiteElo "1771"]
[BlackElo "1688"]
[PlyCount "30"]
[EventDate "2024.09.??"]

1. Nf3 Nf6 2. c4 b6 3. g3 Bb7 4. Bg2 e6 5. Nc3 Be7 6. d3 O-O 7. O-O c5 8. Bd2
d5 9. b3 Nc6 10. a3 dxc4 11. bxc4 Qc8 12. Rb1 Nd4 13. Nxd4 Bxg2 14. Kxg2 cxd4
15. Nb5 Bc5 {(R)} 1/2-1/2

[Event "Brno Veletrh"]
[Site "?"]
[Date "2024.09.06"]
[Round "7"]
[White "Pribyl, Rene"]
[Black "Kubatova, Ema"]
[Result "1-0"]
[WhiteElo "1944"]
[BlackElo "1650"]
[PlyCount "139"]
[EventDate "2024.09.??"]

1. d4 Nf6 2. c4 e6 3. Nc3 Bb4 4. Bd2 b6 5. a3 Bxc3 6. Bxc3 Bb7 7. f3 d5 8. b3
Nbd7 9. e3 c5 10. Bd3 Rc8 11. Ne2 O-O 12. O-O Ba6 13. cxd5 Bxd3 14. Qxd3 Nxd5
15. Bd2 cxd4 16. Qxd4 N7f6 17. Rac1 Qd7 18. e4 Nc7 19. Bf4 Na6 20. Qxd7 Nxd7
21. b4 e5 22. Be3 f6 23. Nc3 Nc7 24. a4 Rfd8 25. Rfd1 Nf8 26. Kf2 Nfe6 27. g3
Rxd1 28. Nxd1 Rd8 29. b5 Kf7 30. f4 exf4 31. gxf4 Ne8 32. Nc3 N6c7 33. Kf3 Ke6
34. a5 Rb8 35. f5+ Kd7 36. axb6 axb6 37. Rd1+ Ke7 38. Bf4 Rd8 39. Rxd8 Kxd8 40.
Be3 Na8 41. Bf4 Nac7 42. e5 fxe5 43. Bxe5 Kd7 44. Kf4 Ke7 45. h4 Kd7 46. Bd4
Nf6 47. Be3 Ncd5+ 48. Nxd5 Nxd5+ 49. Ke4 Nf6+ 50. Kd4 Kd8 51. Bf4 Ke7 52. Bc7
Nd7 53. Kd5 Nf6+ 54. Kc6 Nd7 55. Bxb6 Nxb6 56. Kxb6 Kf6 57. Kc5 Kxf5 58. b6 Kg4
59. b7 Kxh4 60. b8=Q Kh3 61. Qf4 h5 62. Qg5 h4 63. Qxg7 Kh2 64. Qb2+ Kg3 65.
Qc1 h3 66. Qh1 h2 67. Kd4 Kh3 68. Ke3 Kg3 69. Ke2 Kh3 70. Kf2 1-0

[Event "Brno Veletrh"]
[Site "?"]
[Date "2024.09.06"]
[Round "7"]
[White "Svabova, Klara"]
[Black "Rehurek, Karel"]
[Result "1-0"]
[WhiteElo "1220"]
[BlackElo "1851"]
[PlyCount "67"]
[EventDate "2024.09.??"]

1. e4 e5 2. Nf3 Nc6 3. d4 exd4 4. Nxd4 Bc5 5. Be3 Qf6 6. c3 d6 7. Bb5 Bd7 8.
O-O Nge7 9. Bxc6 Bxc6 10. Nxc6 Nxc6 11. Bxc5 dxc5 12. Qc2 O-O 13. Nd2 Rfd8 14.
Nf3 Rd6 15. Rfe1 Re8 16. Rad1 Kf8 17. Rxd6 cxd6 18. Qb3 Qe7 19. Qd5 Qe6 20. Kf1
Qxd5 21. exd5 Rxe1+ 22. Kxe1 b5 23. dxc6 Ke8 24. b4 Kd8 25. Kd2 Kc7 26. bxc5
dxc5 27. Ng5 Kxc6 28. Nxf7 Kd5 29. Ng5 h6 30. Nf3 a5 31. Ne1 b4 32. cxb4 axb4
33. Nc2 g5 34. f3 1-0

[Event "Brno Veletrh"]
[Site "?"]
[Date "2024.09.06"]
[Round "7"]
[White "Mikolas, Jakub"]
[Black "Prihoda, Josef"]
[Result "1-0"]
[WhiteElo "1766"]
[BlackElo "1624"]
[PlyCount "51"]
[EventDate "2024.09.??"]

1. d4 Nf6 2. c4 e6 3. Nf3 Bb4+ 4. Bd2 Qe7 5. g3 Bxd2+ 6. Nbxd2 d5 7. Qc2 O-O 8.
Bg2 c6 9. O-O Nbd7 10. Rfd1 Re8 11. Rac1 Nf8 12. e4 dxe4 13. Nxe4 Ng6 14. Ne5
Nxe5 15. dxe5 Ng4 16. Qe2 Nh6 17. Nd6 Rd8 18. c5 Qc7 19. Rd3 Bd7 20. Rcd1 Be8
21. b4 a6 22. Be4 b6 23. Nxe8 Rxe8 24. Rd7 Qc8 25. cxb6 Rb8 26. Rc7 1-0

[Event "Brno Veletrh"]
[Site "?"]
[Date "2024.09.06"]
[Round "7"]
[White "Grausgruber, Jiri"]
[Black "Krasovskyi, Stanislav"]
[Result "1-0"]
[WhiteElo "1765"]
[BlackElo "1544"]
[PlyCount "63"]
[EventDate "2024.09.??"]

1. Nf3 Nf6 2. c4 c5 3. Nc3 Nc6 4. e3 d6 5. Be2 e5 6. d4 cxd4 7. exd4 Bg4 8. Be3
Qe7 9. d5 Bxf3 10. Bxf3 Nd4 11. O-O Nxf3+ 12. Qxf3 g6 13. Bg5 Bg7 14. Ne4 Nxe4
15. Bxe7 Nd2 16. Qe2 Nxf1 17. Bxd6 Nxh2 18. Kxh2 O-O-O 19. Bxe5 Rhe8 20. f4 f6
21. Qg4+ Rd7 22. Bc3 f5 23. Qf3 Bxc3 24. Qxc3 Rde7 25. Rd1 Re4 26. d6 Rd8 27.
Qg7 Rd7 28. Qf8+ Rd8 29. d7+ Kc7 30. Qc5+ Kb8 31. Qd6+ Ka8 32. Qc7 1-0